|
|
|
|
| LEADER |
01411nam a2200409 a 4500 |
| 001 |
000591364 |
| 003 |
CZ BrMZK |
| 005 |
20100212105317.0 |
| 007 |
ta |
| 008 |
020321s2002 xr e f cze d |
| 015 |
|
|
|a cnb001093085
|
| 020 |
|
|
|a 80-7202-944-4
|
| 035 |
|
|
|a (OCoLC)85025371
|
| 040 |
|
|
|a BOA001
|b cze
|
| 041 |
1 |
|
|a cze
|h ger
|
| 072 |
|
7 |
|a 613
|x Hygiena. Lidské zdraví
|2 Konspekt
|9 14
|
| 080 |
|
|
|a 577.337
|2 MRF
|
| 080 |
|
|
|a 612.67
|2 MRF
|
| 080 |
|
|
|a 613
|2 MRF
|
| 080 |
|
|
|a (035)
|2 MRF
|
| 100 |
1 |
|
|a Hofmann, Inge
|7 xx0001259
|4 aut
|
| 245 |
1 |
0 |
|a S leností nejdál dojdeš :
|b kdo žije pomalu, uchová si mládí : biologický zákon energie /
|c Inge Hofmannová
|
| 250 |
|
|
|a Vyd. 1.
|
| 260 |
|
|
|a Praha :
|b Ikar,
|c 2002
|
| 300 |
|
|
|a 190 s. ;
|c 21 cm
|
| 490 |
1 |
|
|a Pro zdraví
|
| 500 |
|
|
|a Vydala Euromedia Group - Ikar
|
| 650 |
0 |
7 |
|a stárnutí
|7 ph126175
|2 czenas
|
| 650 |
0 |
7 |
|a životospráva
|7 ph128035
|2 czenas
|
| 650 |
0 |
7 |
|a energetický systém člověka
|7 ph137672
|2 czenas
|
| 655 |
|
7 |
|a příručky
|7 fd133209
|2 czenas
|
| 765 |
0 |
|
|t Faulheit ist das halbe Leben
|9 Česky
|
| 830 |
|
0 |
|a Pro zdraví
|0 s
|
| 856 |
4 |
1 |
|u http://www.digitalniknihovna.cz/mzk/uuid/uuid:33ea2630-a29b-11e2-9a9f-005056827e51
|y Digitalizovaný dokument
|x NDK
|
| 910 |
|
|
|a BOA001
|b 2-1100.191
|
| 990 |
|
|
|a BK
|
| 996 |
6 |
|
|b 2610157518
|c 2-1100.191
|l MZK
|r Sklad / do 1 hodiny
|n 1
|p p.v.
|w 000591364
|u 000010
|a 1
|e BOA001
|j MZK50
|s P
|